000 00328nam a2200133 i 4500
001 bg
100 1 _aROGALA, M.
245 0 _aPomoce do nauczania przedmiotu "Bibliotekarstwo".
_nCz.1 /
_cM. Rogala.
260 _aWarszawa,
_c1985.
040 _cBPK
041 _apol
942 _cKS
008 s pl f |000 0 pol
999 _c23581
_d23581
856 _uhttp://koha.tu.koszalin.pl/cgi-bin/koha/opac-detail.pl?biblionumber=23581
_yKatalog online BPK